000 00326nam a22001337a 4500
020 _a0-419-12900-6
082 _a664.0282 CAN'W
100 _aW, CAMING
_975315
245 _aTHE CANNING HANDBOOK SURFACE FINISHING TECHNOLOGY
250 _a23RD
260 _aNEWYORK
_bW. CANNING
_c1982
300 _aXIV, 1094P
942 _cBK
999 _c580755
_d580755